|
|
|
|
| LEADER |
02842nam a22003853i 4500 |
| 001 |
EBC6955627 |
| 003 |
MiAaPQ |
| 005 |
20231204023222.0 |
| 006 |
m o d | |
| 007 |
cr cnu|||||||| |
| 008 |
231204s2015 xx o ||||0 ger d |
| 020 |
|
|
|a 9783839401583
|q (electronic bk.)
|
| 020 |
|
|
|z 9783899421583
|
| 035 |
|
|
|a (MiAaPQ)EBC6955627
|
| 035 |
|
|
|a (Au-PeEL)EBL6955627
|
| 035 |
|
|
|a (OCoLC)1110443122
|
| 040 |
|
|
|a MiAaPQ
|b eng
|e rda
|e pn
|c MiAaPQ
|d MiAaPQ
|
| 100 |
1 |
|
|a Wagner, Meike.
|
| 245 |
1 |
0 |
|a Nähte am Puppenkörper :
|b Der mediale Blick und die Körperentwürfe des Theaters.
|
| 250 |
|
|
|a 1st ed.
|
| 264 |
|
1 |
|a Bielefeld :
|b transcript,
|c 2015.
|
| 264 |
|
4 |
|c {copy}2015.
|
| 300 |
|
|
|a 1 online resource (258 pages)
|
| 336 |
|
|
|a text
|b txt
|2 rdacontent
|
| 337 |
|
|
|a computer
|b c
|2 rdamedia
|
| 338 |
|
|
|a online resource
|b cr
|2 rdacarrier
|
| 490 |
1 |
|
|a Kultur- und Medientheorie
|
| 505 |
0 |
|
|a Cover Nähte am Puppenkörper -- Inhalt -- Vorwort -- Nähte am Puppenkörper -- Thesen zum Puppenkörper -- Figurentheater -- Programm-Vorschau -- I. Denkentwürfe -- Forschungsbericht Puppentheorie: Animation und Rolle -- Das Bild des künstlichen Körpers - Modell und Spiegel -- Das methodische Vorgehen -- II. Sehen und Körper -- Merleau-Pontys Phänomenologie des Fleisches -- Auge und Blick -- Figuren der Zwischenkörperlichkeit -- III. Medialität -- Medientheorie als Untersuchungsperspektive -- Konzepte des Mediums -- Medialität -- ›Künstliche‹ Störungen -- Medienpraxis und Körper -- Ein medialer Durchgang - das Ornament -- Zusammenfassung -- IV. Fremdkörper -- Cyborg - der Technikdiskurs des Fremden -- Die Körperlogik des Fremden - Máquina Hamlet -- Tod, Fotografie und Puppe -- Die Maschine im Fleisch -- V. Körperkontrolle -- Die Verkörperung der Norm -- Disziplinierung durch künstliche Körper -- Die lustvolle Freisetzung des Körpers -- Kokoschkas »stille Frau«: Mona Alma -- VI. Entkörperungen -- Jan Švankmajers »Faust« -- Surrealistische Wirbel - Überstürzung und Serie -- Lekce Faust - den Körpern eine Lektion erteilen -- Körperklumpen -- Körper-Verpuppungen -- Nähte und Pixel -- Literatur -- Quellen -- Die Künstler -- Bildnachweise.
|
| 588 |
|
|
|a Description based on publisher supplied metadata and other sources.
|
| 590 |
|
|
|a Electronic reproduction. Ann Arbor, Michigan : ProQuest Ebook Central, 2023. Available via World Wide Web. Access may be limited to ProQuest Ebook Central affiliated libraries.
|
| 655 |
|
4 |
|a Electronic books.
|
| 776 |
0 |
8 |
|i Print version:
|a Wagner, Meike
|t Nähte am Puppenkörper
|d Bielefeld : transcript,c2015
|z 9783899421583
|
| 797 |
2 |
|
|a ProQuest (Firm)
|
| 830 |
|
0 |
|a Kultur- und Medientheorie
|
| 856 |
4 |
0 |
|u https://ebookcentral.proquest.com/lib/matrademy/detail.action?docID=6955627
|z Click to View
|